Estatísticas para Desafio Países da América do Sul em 15 segundos

Clique aqui para jogar o quiz

Estatísticas Gerais

  • Esse quiz foi jogado 1 915 vezes
  • A pontuação média é 7 de 12

Respostas no mapa

Respostas codificadas por cores de uma escala verde-vermelha no mapa do quiz de acordo com a % correta abaixo.
 

Estatísticas das Respostas

País% Correto
Brasil
98%
Argentina
81%
Uruguai
70%
Chile
68%
Peru
66%
Paraguai
63%
Bolívia
58%
Colômbia
50%
Equador
47%
Guiana
39%
Venezuela
39%
Suriname
38%

Distribuição das Pontuações

Percentil de Números Respondidos

Porcentagem de Pessoas com Cada Pontuação

Sua Pontuação Histórica

Você não jogou esse quiz